00802nam a22001457a 4500008004100000020001800041040005500059080003100114245014500145260003400290300000900324500027000333650002000603653003300623230313b |||||||| |||| 00| 0 eng d a92-3-101377-7 aNational Science LibrarycNational Science Library aD 025.43:[5/6:65.01 bL6.1 aSPINES thesaurus: bA controlled and structured vocabulary of science and technology for policy-making, management and developmentc/ UNESCO aParis: bUNESCO Press, c1976 a80p. aVol. 1 ( Rules, conventions, directions for use, and auxiliary devices); ISBN: 9231013777; 80p. Vol. 2 (Alphabetical structured list); Part 1: from A to M; ISBN: 9231013777; 316p. Vol. 2 (Alphabetical structured list); Part 2: from N to end; ISBN: 9231013777; 236p. aLibrary science aInformation retrieval system